Normal view
MARC view
- القيمة السوقية-شركات الادوية
Entry Topical Term
001 - CONTROL NUMBER
- control field: 61299
003 - CONTROL NUMBER IDENTIFIER
- control field: JO-AjAnu
005 - DATE AND TIME OF LATEST TRANSACTION
- control field: 20230606084021.0
008 - FIXED-LENGTH DATA ELEMENTS
- fixed length control field: 230606|| aca||aabn | a|a d
040 ## - CATALOGING SOURCE
- Original cataloging agency: JO-AjAnu
- Transcribing agency: JO-AjAnu
150 ## - HEADING--TOPICAL TERM
- Topical term or geographic name entry element: القيمة السوقية-شركات الادوية
670 ## - SOURCE DATA FOUND
- Source citation: Work cat.: (JO-AjAnu)31268: إعداد عليوه، احمد عوض قويدر؛ اشراف علي عبدالله الزعبي, author 61298, اثر تكاليف البحث والتطوير على القيمة السوقية في شركات الادوية المدرجة في بورصة عمان-مجمل الدخل كمتغير معدل = The Impact of Research and Development Costs on the Market Value of pharmaceutical Companies Listed on Amman Stock Exchange - Gross Profit as a Moderating Variable